000 00230nam a2200097Ia 4500
008 220204s9999 xx 000 0 und d
082 _a82-34
_bFOL
100 _aSeethalakshmi, K A
245 0 _aFolk tales of Tamil Nadu
942 _cBK
999 _c32498
_d32498